| 000 | 00922nam a2200277 i 4500 | ||
|---|---|---|---|
| 001 | 128542 | ||
| 003 | ES-MaACL | ||
| 005 | 20250822035248.0 | ||
| 007 | t| | ||
| 008 | 070517s1984 sp ||||1| spa d | ||
| 020 | _a84-254-1409-1 | ||
| 080 | _a301.18 | ||
| 080 | _a301.151 | ||
| 100 | 1 |
_aTajfel, Henri. _9109091 |
|
| 245 | 1 | 0 |
_aGrupos humanos y categorias sociales _b: estudios de psicología social / _cHenri Tajfel ; versión castellana de Carmen Huici ; prólogo de Jerome Bruner. |
| 260 |
_aBarcelona : _bHerder, _c1984. |
||
| 300 |
_a409 p. ; _c25 cm. |
||
| 490 | 1 |
_aBiblioteca de psicosociología ; _v15 |
|
| 504 | _aBibliografía. Indices. | ||
| 650 | 1 | 7 |
_aPsicología social _2embne _916573 |
| 700 | 1 |
_aBruner, Jerome S. _932153 |
|
| 700 | 1 |
_aHuici, Carmen. _964657 |
|
| 830 | 0 |
_aBiblioteca de psicosociología ; _v15 _9186747 |
|
| 852 |
_aES-MaACL _jL-12293 _bR.114526 |
||
| 999 |
_c128542 _d128542 |
||